00327nam a2200133Ia 4500008004100000020001800041041000800059082001700067100001500084245001900099250001000118260004800128700001700176230717s9999 xx 000 0 und d a81-7733-102-7 aeng a343.052bPUL aPuliani R  aIncome Tax Act a11ed. aNew DelhibBharat Law House Pvt. Ltd.c2002 a Puliani M.,